Score 0/20 Timer 09:00
0 Plays Today
Jumbled Name Town % Correct
ORRUTTRURO
93.7%
DEBUBUDE
93.7%
ST VIESST IVES
92.1%
ZENPECANPENZANCE
92.1%
OLEOLOOE
90.5%
DIMNOBBODMIN
88.9%
QUEAWYNNEWQUAY
85.7%
ST LEALUSTST AUSTELL
76.2%
LASERKIDLISKEARD
76.2%
YEHLAHAYLE
71.4%
Jumbled Name Town % Correct
TOFUHALMFALMOUTH
69.8%
HATLASSSALTASH
69.8%
HURTREDREDRUTH
66.7%
ST ZEALBYST BLAZEY
66.7%
BEAMCORNCAMBORNE
60.3%
PRENNYPENRYN
57.1%
LOSTHENHELSTON
55.6%
INTOPORTTORPOINT
55.6%
BREADEDWIGWADEBRIDGE
50.8%
TUNACLONESLAUNCESTON
42.9%
Remove Ads.
Support Sporcle.
Get the best of Sporcle when you Go Orange. This ad-free experience offers more features, more stats, and more fun while also helping to support Sporcle. Thank you for becoming a member.

You're not logged in!

Compare scores with friends on all Sporcle quizzes.
OR
Log In

Show Comments

Extras

Created Sep 17, 2017ReportNominate
Tags:Cornwall, England, jumble, Town

Top Quizzes Today


Score Distribution

Your Account Isn't Verified!

In order to create a playlist on Sporcle, you need to verify the email address you used during registration. Go to your Sporcle Settings to finish the process.

Report this User

Report this user for behavior that violates our Community Guidelines.

Details: